Générique Mia et moi - Statistiques

Statistiques générales
  • Ce quiz a été pris 152 fois
  • Le résultat moyen est 69 sur 107
Statistiques - réponses
Réponse % Correct
Je
96%
je
96%
Mia
95%
suis
94%
ce
92%
à
90%
m'a
90%
En
88%
Et
87%
et
87%
Le
87%
le
87%
Mo
87%
me
86%
Un
84%
ciel
81%
Ou
79%
ou
79%
magique
78%
de
77%
livre
77%
peux
77%
voler
75%
rêve
74%
pas
73%
sans
73%
une
73%
Au
71%
envoyé
71%
J'avance
71%
moi
71%
moi !
71%
Moi
71%
retourner
71%
vers
69%
loin
68%
cet
66%
endroit
66%
magnifique
66%
Centopia
65%
éveillé ?
65%
la
65%
réalité...
65%
réalité
65%
avec
64%
Avec
64%
Est-ce
62%
fantaisie ?
62%
oui
58%
Oui
58%
bien
53%
encore
53%
Tout
53%
autre
52%
forme
52%
c'est
51%
que
49%
dans
48%
devenir
48%
héroïne
48%
Yuko
47%
devient
44%
Explorant
43%
sens
43%
m'élance
42%
nuit
40%
qui
40%
liberté!
39%
Lorsque
39%
m'appelle
38%
tombe
38%
Envole-toi
35%
ignorant
34%
Yeah
34%
Yeah !
34%
Oh
29%
t'envoler
19%
toute
19%
viens
18%
Mais
17%
possible
16%
Aucun quiz correspondant
Distribution des résultats
% des personnes avec chaque résultat
Percentile par nombre de réponses
Votre historique - résultats
Vous n’avez pas pris ce quiz